Find the Food in Italian Quiz Stats

 Plays Quiz Updated Feb 16, 2018

Challenge
Share
Tweet
Score 0/20 Timer 05:00
5 Plays Today
% Correct
broccoli
97.2%
oliva
96.3%
pasta
94.5%
gelato
93.8%
patate fritte
92.8%
mais
92.4%
fungo
92.2%
formaggio
91.6%
patata
91.6%
prosciutto
90.6%
% Correct
pane
88.3%
lattuga
87%
uovo
84.5%
torta
84.3%
ananas
78.9%
zucchero
72.1%
fragola
67.8%
mela
65.3%
pastinaca
58%
uva
50.4%

You're not logged in!

Compare scores with friends on all Sporcle quizzes.
Join for Free
OR
Log In

You Might Also Like...

Show Comments

Extras

Top Quizzes Today


Score Distribution

Your Account Isn't Verified!

In order to create a playlist on Sporcle, you need to verify the email address you used during registration. Go to your Sporcle Settings to finish the process.

Report this User

Report this user for behavior that violates our Community Guidelines.

Details: